[Event "Thane ARMS op 1st"]
[Site "Thane"]
[Date "2018.04.22"]
[Round "7"]
[White "Boricha, Ketan"]
[Black "Naik, BS."]
[Result "1-0"]
[WhiteElo "1981"]
[BlackElo "1458"]
[PlyCount "43"]
[EventDate "2018.04.21"]
[EventType "swiss (rapid)"]
[EventRounds "9"]
[EventCountry "IND"]
[SourceTitle "CBM 184 Extra"]
[Source "ChessBase"]
[SourceDate "2018.06.28"]
[SourceVersion "1"]
[SourceVersionDate "2018.06.28"]
[SourceQuality "1"]

1. e4 c5 2. c3 Nc6 3. Nf3 d6 4. d4 cxd4 5. cxd4 e6 6. Nc3 Be7 7. Be3 d5 8. e5 Bb4 9. Bd3 Nge7 10. 0-0 a6 11. Ne2 0-0 12. Ng3 Ng6 13. Ng5 Be7 14. h4 Bxg5 15. Bxg5 Qb6 16. h5 Nge7 17. Qg4 Nf5 18. Rad1 Ncxd4 19. Bf6 g6 20. Nxf5 exf5 21. Qg5 Ne6 22. Qh6 1-0

[Event "Thane ARMS op 1st"]
[Site "Thane"]
[Date "2018.04.21"]
[Round "4"]
[White "Naik, BS."]
[Black "Bhambure, Shantanu"]
[Result "0-1"]
[WhiteElo "1458"]
[BlackElo "2183"]
[PlyCount "86"]
[EventDate "2018.04.21"]
[EventType "swiss (rapid)"]
[EventRounds "9"]
[EventCountry "IND"]
[SourceTitle "CBM 184 Extra"]
[Source "ChessBase"]
[SourceDate "2018.06.28"]
[SourceVersion "1"]
[SourceVersionDate "2018.06.28"]
[SourceQuality "1"]

1. d4 Nf6 2. Nf3 e6 3. c4 d5 4. Nc3 dxc4 5. e3 a6 6. Bxc4 b5 7. Bd3 Bb7 8. 0-0 c5 9. Re1 Nbd7 10. Bc2 Rc8 11. Bd2 Qc7 12. h3 cxd4 13. exd4 b4 14. d5 bxc3 15. dxe6 fxe6 16. Bxc3 Be7 17. Rxe6 Nc5 18. Re1 0-0 19. Rc1 Qd8 20. Nd4 Nfe4 21. f3 Nxc3 22. bxc3 Bf6 23. Bf5 Bxd4+ 24. cxd4 Rxf5 25. dxc5 Qxd1 26. Rcxd1 Rfxc5 27. Re7 R5c7 28. Rde1 Rxe7 29. Rxe7 Bd5 30. Ra7 Rc6 31. a3 h6 32. Kf2 Re6 33. Kg3 Kh7 34. h4 h5 35. Kf4 Rg6 36. Ke5 Bc4 37. g4 hxg4 38. fxg4 Rxg4 39. a4 Rxh4 40. Kd6 Rh5 41. Rc7 Bb3 42. Ra7 Bxa4 43. Rxa6 Rh6+ 0-1